Pays d’Asie sur une carte - Statistiques

Statistiques générales
  • Ce quiz a été pris 19 fois
  • Le résultat moyen est 33 sur 50
Réponses sur la Carte
Les réponses sont colorées sur une échelle allant du rouge au vert en fonction du pourcentage des utilisateurs qui les ont devinées à leur premier essai. Vous pouvez retrouver ces pourcentages ci-dessous.
 
Statistiques - réponses
Réponse % Correct
Azerbaïdjan
100%
Émirats arabes unis
86%
Inde
86%
Laos
86%
Malaisie
86%
Russie
86%
Syrie
86%
Turquie
86%
Afghanistan
71%
Arabie saoudite
71%
Arménie
71%
Chine
71%
Corée du Nord
71%
Corée du Sud
71%
Irak
71%
Iran
71%
Israël
71%
Japon
71%
Jordanie
71%
Kirghizistan
71%
Liban
71%
Maldives
71%
Mongolie
71%
Oman
71%
Palestine
71%
Papouasie Nouvelle-Guinée
71%
Singapour
71%
Sri Lanka
71%
Taiwan
71%
Viêt-nam
71%
Yémen
71%
Bangladesh
57%
Bhoutan
57%
Cambodge
57%
Géorgie
57%
Indonésie
57%
Kazakhstan
57%
Koweït
57%
Myanmar
57%
Népal
57%
Ouzbékistan
57%
Pakistan
57%
Philippines
57%
Tadjikistan
57%
Thaïlande
57%
Timor oriental
57%
Turkménistan
57%
Bahreïn
43%
Brunei
29%
Qatar
14%
Aucun quiz correspondant
Distribution des résultats
% des personnes avec chaque résultat
Percentile par nombre de réponses
Votre historique - résultats
Vous n’avez pas pris ce quiz